000 01067nam a2200217Ia 4500
003 LDD
005 20231206105932.0
008 190117s9999 xx 000 0 und d
020 _a978932635208
_c₹280
040 _cLDD
041 _ahi
082 _a8H3.6 प्रे59222
100 _aश्रीवास्तव, जितेन्द्र (Jitendra Srivastava)
_918977
245 0 _aप्रेमचन्द
_b स्वाधीनता सम्बन्धी कहानियाँ (Premchand: Swadheenta sambandhi kahaniya)
_cजितेन्द्र श्रीवास्तव (Jitendra Srivastava)
260 _aनयी दिल्ली
_bभारतीय ज्ञानपीठ
_c2013
300 _a275p.
440 _aलोकोदय ग्रन्थमाला : ग्रन्थांक 11 / संपादक रवीन्द्र कालिया
_918978
901 _aKGP
904 _aReqst by : Jitendra Kumar Srivasta
942 _2ddc
_cH
999 _c172302
_d172302